Statistics for Name a Valid African Country

Click here to take the quiz!

General Stats

  • This quiz has been taken 42 times
  • The average score is 12 of 15

Answer Stats

HintCountry% Correct
Has five lettersBenin|Egypt|Gabon|Ghana|Kenya|Libya|Niger|Sudan
97%
That are islandsCape Verde|Sao Tome and Principe|Madagascar|Comoros|Seychelles|Mauritius
95%
On the EquatorGabon|DR Congo|Kenya|Somalia|Uganda|Sao Tome and Principe
95%
Border SomaliaKenya|Ethiopia|Djibouti
95%
Top 3 countries with the most touristsMorocco|Egypt|South Africa
95%
Borders Mediterranean SeaTunisia|Algeria|Libya|Egypt
95%
4 most populated countriesNigeria|Ethiopia|Egypt|DR Congo
90%
Two countries with the most immigrantsSouth Africa|Côte d'Ivoire
90%
Capital starts with KUganda|Rwanda|Sudan|DR Congo
87%
Won Africa Cup of Nations since 2000Cameroon|Tunisia|Egypt|Zambia|Nigeria|Côte d'Ivoire|Algeria|Senegal
85%
MonarchiesMorocco|Eswatini|Lesotho
82%
On the Prime MeridianAlgeria|Mali|Burkina Faso|Togo|Ghana
72%
With no riversLibya|Comoros|Djibouti
69%
Country that speaks EnglishSierra Leone|Liberia
56%
No extradition treatyEthiopia|Botswana|Tunisia
36%

Score Distribution

Percentile by Number Answered

Percent of People with Each Score

Your Score History

You have not taken this quiz